000 00837akm a2200325a 44500
008 960617s1988 cat
017 _aB-39288-1988
041 _acat
110 _aBarcelona. Ajuntament. Institut Municipal d'Educació
_964928
245 _aJuguem!
245 _cBarcelona. Ajuntament. Institut Municipal d'Educació
245 _h[cartell]
260 _a[Barcelona]
260 _bGeneralitat de Catalunya. Departament de Cultura
260 _c1988
300 _bil.
520 _a26
591 _a2876
592 _aObra terminològica
593 _aVT
593 _aVTA
594 _a2876
650 _ajocs
_965171
650 _ajoguines
_961838
901 _cDL <1988>
902 _a960617
942 _cMO
_n0
999 _c55403
_d55403